000 00725cam a2200253 a 4500
008
020 _a0852975872 (pbk. )
049 _aMAIN
090 _aHG2461 ROU
100 1 _aRouse, C. N.
245 1 0 _aBankers' lending techniques /
_cC.N. Rouse.
250 _a2nd ed.
260 _a Kent :
_bFinancial World Pub.,
_c2002.
300 _avii, 300 p. :
_bill. ;
_c25 cm.
500 _aIncludes index.
650 0 _aBank loans
_zGreat Britain.
650 0 _aBanks and banking
_zGreat Britain.
650 0 _aRisk management
_zGreat Britain.
907 _a.b10238232
_b27-02-09
_c26-03-07
003
005 20230123134418.0
040 _cNUST
942 _cBOOKS
_kHG2461 ROU
999 _c165479
_d165479